00320pab a2200109 454500008004000000100002000040245007500060260000900135300001200144650002800156773002600184180718b2004 xxu||||| |||| 00| 0 eng d aBerger, Mark T. aAfter the Third World? History, destiny and the fate of Third Worldism c2004 ap.9-39. aInternational relations aThird World Quarterly